Revista baiana de enfermagem

Bibliographic Details
Corporate Author: Universidade Federal da Bahia. Escola de Enfermagem
Format: Electronic Journal
Language:Portuguese
Published: Salvador, Bahia : A Escola
Subjects:
Online Access:Full text available from Research Library: 01/01/2001 to 01/31/2017

MARC

LEADER 00000nas a2200000 a 4500
001 ssj0000651029
003 WaSeSS
005 20200512172242.0
006 m d
007 cr n
008 910622c19859999bl fr p s 0 0por
010 |a sn 91033310  
016 7 |a 9108292  |2 DNLM 
016 7 |a SR0062820  |2 DNLM 
022 |l 0102-5430  |y 0102-5430 
035 |a (WaSeSS)ssj0000651029 
040 |a NLM  |b eng  |c NLM  |d OCLCQ  |d CUS  |d OCLCQ  |d CUS  |d OCLCF  |d OCLCO  |d OCLCQ  |d OCLCO  |d NLM  |d OCLCO  |d OCLCA  |d WaSeSS 
041 0 |a por  |b eng 
042 |a msc 
043 |a s-bl--- 
050 1 4 |a RT1 
060 0 0 |a W1  |b RE286T 
210 0 |a Rev. Baiana Enferm.  |b (Impr.) 
222 0 |a Revista Baiana de Enfermagem  |b (Impresso) 
245 0 0 |a Revista baiana de enfermagem  |h [electronic resource] /  |c Universidade Federal da Bahia, Escola de Enfermagem. 
260 |a Salvador, Bahia :  |b A Escola 
310 |a Semiannual 
362 1 |a Began with v. 1, no. 1 in 1985. 
506 |a License restrictions may limit access. 
546 |a Articles in Portuguese; summaries in English and Portuguese. 
588 |a Description based on: V. 3, n. 1 e 2 (jun./dez. 1987). 
650 0 |a Nursing  |v Periodicals. 
650 7 |a Nursing.  |2 fast  |0 (OCoLC)fst01041731 
650 2 |a Nursing. 
651 2 |a Brazil. 
655 0 |a Electronic journals. 
710 2 |a Universidade Federal da Bahia.  |b Escola de Enfermagem. 
850 |a DNLM 
856 4 0 |z Full text available from Research Library: 01/01/2001 to 01/31/2017  |u https://search.proquest.com/publication/2040112